مكتبة جامعة عجلون الوطنية

فهرس بحث المكتبة

معجم مصطلحات الإدارة : إنكليزي-عربي (Record no. 15374)

MARC details
000 -LEADER
fixed length control field 00876nam a2200193Ii 4500
003 - CONTROL NUMBER IDENTIFIER
control field JO-AjNU
008 - FIXED-LENGTH DATA ELEMENTS--GENERAL INFORMATION
fixed length control field 230605s9999||||xx |||||||||||||| ||und||
040 ## - CATALOGING SOURCE
Original cataloging agency JO-AjNU
Language of cataloging ara
Description conventions rda
Transcribing agency JO-AjNU
041 ## - LANGUAGE CODE
Language code of text/sound track or separate title ara
050 14 - LIBRARY OF CONGRESS CALL NUMBER
Classification number HD30.15.1971
100 3# - MAIN ENTRY--PERSONAL NAME
Personal name تأليف هـ. جوهانسون، أندرو روبرتسون ؛ نقله عن الإنكليزي نبيه غطاس,
Relator term author
9 (RLIN) 29938
245 00 - TITLE STATEMENT
Title معجم مصطلحات الإدارة : إنكليزي-عربي
264 31 - PRODUCTION, PUBLICATION, DISTRIBUTION, MANUFACTURE, AND COPYRIGHT NOTICE
Place of production, publication, distribution, manufacture بيروت: مكتبة لبنان، 1971
300 ## - PHYSICAL DESCRIPTION
Extent 154ص
Other physical details يشتمل على مسرد مصطلحات بالألفاظ العربية، ويشتمل على مسرد مصطلحات بالألفاظ العربية
336 ## - CONTENT TYPE
Content type term text
Content type code txt
Source rdacontent
337 ## - MEDIA TYPE
Media type term unmediated
Media type code n
Source rdamedia
338 ## - CARRIER TYPE
Carrier type term volume
Carrier type code nc
Source rdacarrier
650 #4 - SUBJECT ADDED ENTRY--TOPICAL TERM
Topical term or geographic name entry element الإدارة -- معجم مصطلحات 
9 (RLIN) 29939
Holdings
Withdrawn status Lost status Source of classification or shelving scheme Damaged status Not for loan Home library Current library Shelving location Date acquired Total Checkouts Full call number Barcode Date last seen Price effective from Koha item type
    Library of Congress Classification     مكتبة جامعة عجلون الوطنية مكتبة جامعة عجلون الوطنية المراجع 06/06/2023   HD30.15.1971 A11806 06/06/2023 06/06/2023 Reference